Central Library OPAC University of Rajshahi

পরিবার গঠনে নারী / (Record no. 44395)

MARC details
000 -LEADER
fixed length control field 01177nam a2200277 a 4500
001 - CONTROL NUMBER
control field 44395
003 - CONTROL NUMBER IDENTIFIER
rucl marc code BD-RjUL
005 - DATE AND TIME OF LATEST TRANSACTION
control field 20211209053841.0
008 - FIXED-LENGTH DATA ELEMENTS--GENERAL INFORMATION
fixed length control field 160717s1982 bg ||||| |||| 00| e ben d
020 ## - INTERNATIONAL STANDARD BOOK NUMBER
Terms of availability : Tk. 12.00
035 ## - SYSTEM CONTROL NUMBER
System control number (BD-RjUL)44513
040 ## - CATALOGING SOURCE
Original cataloging agency BD-RjUL
Language of cataloging ben
Transcribing agency BD-RjUL
Modifying agency BD-RjUL
041 ## - LANGUAGE CODE
Language code of text/sound track or separate title ben
082 ## - DEWEY DECIMAL CLASSIFICATION NUMBER
Edition number 23
Classification number 305.48697
Author mark and year SIP 1982
100 1# - MAIN ENTRY--PERSONAL NAME
Personal name সিদ্দিকী, মুমতাজ জাহান বেগম
9 (RLIN) 136273
245 ## - TITLE STATEMENT
Title পরিবার গঠনে নারী /
Statement of responsibility, etc. মুমতাজ জাহান বেগম সিদ্দিকী ; মসউদুর রহমান, অনূদিত
250 ## - EDITION STATEMENT
Edition statement ২য় প্রকাশ
260 ## - PUBLICATION, DISTRIBUTION, ETC. (IMPRINT)
Place of publication, distribution, etc. ঢাকা :
Name of publisher, distributor, etc. ইসলামিক ফাউণ্ডেশন,
Date of publication, distribution, etc. ১৯৮২
300 ## - PHYSICAL DESCRIPTION
Pagination [৮], ১২৪ পৃ. ;
Size ২২ সেমি.
490 ## - SERIES STATEMENT
Series statement ই. ফা. প্রকাশনা ;
Volume/sequential designation ১১
650 ## - SUBJECT ADDED ENTRY--TOPICAL TERM
Topical term or geographic name as entry element মুসলিম নারী
9 (RLIN) 237169
Topical term or geographic name as entry element Muslim Women
9 (RLIN) 237170
700 ## - ADDED ENTRY--PERSONAL NAME
Personal name রহমান, মসউদুর, অনুবাদক
830 ## - SERIES ADDED ENTRY--UNIFORM TITLE
Uniform title ই. ফা. প্রকাশনা ;
Volume number/sequential designation ১১
942 ## - ADDED ENTRY ELEMENTS (KOHA)
Source of classification or shelving scheme Dewey Decimal Classification
Koha item type Books
Holdings
Lost status Source of classification or shelving scheme Damaged status Not for loan Collection code Permanent Location Current Location Shelving location Date acquired Source of acquisition Cost, normal purchase price Total Checkouts Full call number Date last seen Copy number Koha item type
  Dewey Decimal Classification     Non-fiction Central Library, University of Rajshahi Central Library, University of Rajshahi   02/11/1983 Islami songskriti kendro, Rajshahi 12.00   B 305.48697 SIP 1982 17/07/2016 C-2 Books